| 000 | 00620nam a22001937a 4500 | ||
|---|---|---|---|
| 999 |
_c57995 _d57995 |
||
| 005 | 20210419163931.0 | ||
| 008 | 210419c2020 enk||||| |||| 00| 0 eng d | ||
| 022 | _a00222267 | ||
| 041 | _aeng | ||
| 245 |
_aJournal of Linguistics : _b2020 / _cEditors Kersti Borjars ; Helen de Hoop. |
||
| 260 |
_aCAMBRIDGE, _c2020. |
||
| 300 | _aV. | ||
| 653 | _a პერიოდიკა | | ||
| 653 | _aJournal of Linguistics | ||
| 653 | _aლინგვისტიკა | ||
| 700 |
_a Borjars, Kersti _eრედაქტორი _911443 |
||
| 700 |
_aHoop, Helen _eრედაქტორი _92460 |
||
| 942 |
_2udc _cCR |
||